<?xml version="1.0" encoding="UTF-8"?><?xml-stylesheet type="text/xsl" href="static/style.xsl"?><OAI-PMH xmlns="http://www.openarchives.org/OAI/2.0/" xmlns:xsi="http://www.w3.org/2001/XMLSchema-instance" xsi:schemaLocation="http://www.openarchives.org/OAI/2.0/ http://www.openarchives.org/OAI/2.0/OAI-PMH.xsd"><responseDate>2026-04-17T05:13:58Z</responseDate><request verb="GetRecord" identifier="oai:www.recercat.cat:10256/18704" metadataPrefix="marc">https://recercat.cat/oai/request</request><GetRecord><record><header><identifier>oai:recercat.cat:10256/18704</identifier><datestamp>2024-06-18T14:35:03Z</datestamp><setSpec>com_2072_452955</setSpec><setSpec>com_2072_2054</setSpec><setSpec>col_2072_452959</setSpec></header><metadata><record xmlns="http://www.loc.gov/MARC21/slim" xmlns:dcterms="http://purl.org/dc/terms/" xmlns:xsi="http://www.w3.org/2001/XMLSchema-instance" xmlns:doc="http://www.lyncode.com/xoai" xsi:schemaLocation="http://www.loc.gov/MARC21/slim http://www.loc.gov/standards/marcxml/schema/MARC21slim.xsd">
   <leader>00925njm 22002777a 4500</leader>
   <datafield ind2=" " ind1=" " tag="042">
      <subfield code="a">dc</subfield>
   </datafield>
   <datafield ind2=" " ind1=" " tag="720">
      <subfield code="a">Gonzàlez-C., Juan David</subfield>
      <subfield code="e">author</subfield>
   </datafield>
   <datafield ind2=" " ind1=" " tag="720">
      <subfield code="a">Acero Pizarro, Arturo</subfield>
      <subfield code="e">author</subfield>
   </datafield>
   <datafield ind2=" " ind1=" " tag="720">
      <subfield code="a">Serrat Llinàs, Alba</subfield>
      <subfield code="e">author</subfield>
   </datafield>
   <datafield ind2=" " ind1=" " tag="720">
      <subfield code="a">Betancur-R., Ricardo</subfield>
      <subfield code="e">author</subfield>
   </datafield>
   <datafield ind2=" " ind1=" " tag="260">
      <subfield code="c">2011-07-01</subfield>
   </datafield>
   <datafield ind2=" " ind1=" " tag="520">
      <subfield code="a">Invasive species are the second main cause of extinction after habitat loss. Lionfish, Pterois volitans (Linnaeus 1758), was seen by the first time in southern Florida in 1985. Since 2000 it has dispersed and established in the eastern coast of the United States and in Bermuda and Bahamas; since 2007 it has expanded through the Caribbean, appearing in oceanic Colombia in 2008 and in continental Colombia in 2009. In order to characterize the lionfish population inhabiting the Colombian Caribbean a literature revision was made as well as collects. Merisitc and morphometric data were taken in the laboratory from a sample of 63 specimens, 36.3-183.0 mm standard length (SL) (from a total of 280 collected individuals). The counts found were: dorsal fin XIII,11 (rarely XIII,12); anal fin III,7 (rarely III,8); pectoral fin 14 (rarely 13). The main measurements (in percentages of SL) found were head length 29,7 - 40,7% and eye diameter 5,6 - 9,1%</subfield>
   </datafield>
   <datafield ind2=" " ind1=" " tag="520">
      <subfield code="a">Las especies invasoras representan una de las principales causas de extinción de la biodiversidad, por lo que son consideradas el segundo motivo, después de la pérdida de hábitat. El pez león Pterois volitans (Linnaeus 1758) fue visto por primera vez al sur de Florida en 1985. Desde 2000 se ha dispersado y establecido en la costa este de Estados Unidos, Bermudas, Bahamas, y desde 2007 se ha expandido por el Caribe, registrándose en localidades oceánicas y continentales de Colombia en 2008 y 2009, respectivamente. Para caracterizar la población residente de P. volitans en aguas del Caribe colombiano se hizo una revisión de literatura y se realizaron colectas de la especie. En el laboratorio se efectuó la caracterización merística y morfométrica de una muestra de la población. Se obtuvieron 280 ejemplares provenientes de la región de Santa Marta, tomándose al azar 63 entre 36,3 y 183,0 mm de longitud estándar (LE), realizándose los conteos y medidas pertinentes; los datos merísticos se presentan siguiendo las convenciones ictiológicas y los morfométricos en porcentajes de LE. Los valores encontrados son: aleta dorsal XIII,11 (raro XIII,12); aleta anal III,7 (raro III,8); aleta pectoral 14 (raro 13); longitud cabeza 29,7 - 40,7%; diámetro ojo: 5,6 - 9,1%</subfield>
   </datafield>
   <datafield ind1="8" ind2=" " tag="024">
      <subfield code="a">http://hdl.handle.net/10256/18704</subfield>
   </datafield>
   <datafield tag="653" ind2=" " ind1=" ">
      <subfield code="a">Peix escorpí -- Taxanomia</subfield>
   </datafield>
   <datafield tag="653" ind2=" " ind1=" ">
      <subfield code="a">Red lionfish -- Classification</subfield>
   </datafield>
   <datafield tag="653" ind2=" " ind1=" ">
      <subfield code="a">Animals invasors</subfield>
   </datafield>
   <datafield tag="653" ind2=" " ind1=" ">
      <subfield code="a">Introduced organisms</subfield>
   </datafield>
   <datafield ind2="0" ind1="0" tag="245">
      <subfield code="a">Caracterización taxonómica de la población del pez león Pterois volitans (Linnaeus 1758) (Scorpaenidae) residente en el Caribe colombiano: merística y morfometría</subfield>
   </datafield>
</record></metadata></record></GetRecord></OAI-PMH>